000 00619nam a2200193Ia 4500
003 OSt
005 20200909122337.0
008 190216s9999||||xx |||||||||||||| ||und||
020 _a9789339203405
040 _coclc
082 _a621.38153
_bLEA/D
100 _aLeach, Donald P
_94523
245 0 _aDigital Principles And Applications /
_cDonald P Leach ; Albert Paul Malvino ; Goutam Saha
250 _a8th Ed.
260 _bMcGraw Hill Education (india) Private Limited,
_c2015.
_aNew Delhi:
300 _a705p
650 _aPhysics
942 _cBK
_2ddc
_h621.38153
_iLEA/D
_k621.38153
_mLEA/D
999 _c34602
_d34602